Записки Львівської наукової бібліотеки ім. В. Стефаника (Запис № 434668)

МАРК-запис
000 -Лідер
fixed length control field 01740nam a22002537a 4500
001 - Контрольний номер
control field 36137
003 - Ідентифікатор контрольного номера
control field UA-OsUOA
005 - Дата та час останнього входження (трансакції)
control field 20260330122519.0
007 - Фіксоване поле фізичного опису
fixed length control field ta
008 - Елементи даних фіксованої довжини – загальна інформація
fixed length control field 20060706b un ||un |||| 0| 0 ukr0dukr d
040 ## - Джерело каталогізації
Агенція оригінальної каталогізації UA-OsUOA
Мова каталогізації ukr
Агенція, яка здійснювала перезапис UA-OsUOA
Агенція, яка здійснювала модифікацію UA-OsUOA
041 ## - Код мови
Код мови тексту/ звукової доріжки чи окремого заголовка (П) ukr
080 ## - Індекс Універсальної десяткової класифікації
Індекс Універсальної десяткової класифікації (УДК) (НП) 082
090 ## - Локальний шифр розміщення
Класифікаційний індекс УДК 082
Авторський знак (НП) З-32
245 ## - Відомості про назву
Назва (НП) Записки Львівської наукової бібліотеки ім. В. Стефаника
Решта назви (НП) збірник наукових праць
Дані про відповідальність (НП) відпов. ред. Л. І. Крушельницька
Номер частини/ розділу роботи (П) вип. 2
260 ## - Публікація, розповсюдження і т.п. (Вихідні дані)
Місце публікації, розповсюдження і т.п. (П) К.
Ім’я/ наймення видавництва, розповсюджувача і т.п. (П) Наукова думка
Дата публікації, розповсюдження і т.п. (П) 1993
300 ## - Фізичний опис
Обсяг 128 с.
520 ## - Резюме і т.п.
Резюме, реферат, анотація, тощо (НП) У другому випуску "Записок" розкривається зміст колекцій рідкісних видань, рукописних книг, карт, фотографій із фондів бібліотеки, висвітлюються питання книгознавства та бібліотекознавства, публікуються матеріали організованої бібліотекою наукової конференції, присвяченої 120-річчю від дня народження Василя Щурата та Стефаниківських читань.<br/>Для науковців, викладачів і студентів гуманітарних вузів, бібліотечних працівників.
650 #7 - Додаткове предметне введення – тематичний термін
Тематичний термін чи географічна назва, як елемент введення (НП) 08 Видання. Колективні праці
Джерело заголовка чи терміна UDC
9 (RLIN) 2615
700 1# - Додаткове введення – ім'я особи
Ім’я особи (НП) Крушельницька Л. І.
9 (RLIN) 24432
942 ## - Додаткові елементи входу (Коха)
Тип елемента Koha Книги
Source of classification or shelving scheme Universal Decimal Classification
955 ## - Код типу видання за змістом
Код типу видання за змістом (НП) Наукові видання
Фонди
Стан вилучень Стан втрат Джерело класифікації або схеми стелажів Стан уражень Не для кредиту Постійне місце розташування Поточне розміщення Дата придбання Джерело придбання Вартість, звичайна ціна покупки Інвентарний номер Усього замовленно Повний номер виклику Штрих-код Дата останнього перегляду Ціна ефективна від Тип елемента Koha Код колекції Вартість, ціна заміни
    Universal Decimal Classification     АБ - Абонемент НБ АБ - Абонемент НБ 04/03/2026 Акт №09/04.03.2026 15.00 169546   082 З-32 169546 12/03/2026 12/03/2026 Книги Колекція Шевчука Валерія 15.00
    Universal Decimal Classification     Наукова бібліотека ІДУД Наукова бібліотека ІДУД 06/07/2006 3/2006 1.00 2125317   082 З-32 2125317 15/09/2019 06/07/2006 Книги